| 000 | 00611nam a2200241Ia 4500 | ||
|---|---|---|---|
| 005 | 20260429112306.0 | ||
| 008 | 260429s9999||||xx |||||||||||||| ||und|| | ||
| 020 | _a9780756688684 | ||
| 041 | _aEnglish | ||
| 082 |
_a635.933 _bQUE |
||
| 100 | _aCharles | ||
| 245 | 0 |
_aEncyclopaedia of roses / _cCharles |
|
| 260 |
_aNew York : _bDK Publishing, _c2011. |
||
| 300 | _a448 p.; hb | ||
| 650 | _a Floriculture | ||
| 650 | _a Flower cultivation | ||
| 650 | _a Gardening | ||
| 650 | _a Horticulture | ||
| 650 | _a Ornamental plants | ||
| 650 | _aRoses | ||
| 700 | _a Quest-ritson, Brigid | ||
| 942 | _cTB | ||
| 999 |
_c53347 _d53347 |
||